The labor progress handbook (Record no. 10701)
[ view plain ]
| 000 -LEADER | |
|---|---|
| fixed length control field | 01221nam a22003737a 4500 |
| 005 - DATE AND TIME OF LATEST TRANSACTION | |
| control field | 20230512223538.0 |
| 008 - FIXED-LENGTH DATA ELEMENTS--GENERAL INFORMATION | |
| fixed length control field | 200602t xxu||||| |||| 00| 0 eng d |
| 020 ## - INTERNATIONAL STANDARD BOOK NUMBER | |
| International Standard Book Number | 9781119170464 |
| 040 ## - CATALOGING SOURCE | |
| Transcribing agency | CSPC |
| 082 0# - DEWEY DECIMAL CLASSIFICATION NUMBER | |
| Classification number | 618.5 |
| Item number | Si457l |
| 100 ## - MAIN ENTRY--PERSONAL NAME | |
| Personal name | Simkin, Penny |
| Relator term | author. |
| 245 00 - TITLE STATEMENT | |
| Title | The labor progress handbook |
| Remainder of title | early interventions to prevent and treat dystocia/ |
| Statement of responsibility, etc. | Penny Simkin |
| 250 ## - EDITION STATEMENT | |
| Edition statement | Fourth |
| Remainder of edition statement | Edition |
| 260 ## - PUBLICATION, DISTRIBUTION, ETC. | |
| Place of publication, distribution, etc. | New Jersey : |
| Name of publisher, distributor, etc. | John Wiley & Sons ; |
| Date of publication, distribution, etc. | 2017. |
| 300 ## - PHYSICAL DESCRIPTION | |
| Extent | xx, 388 pages : |
| Other physical details | figures, tables ; |
| Dimensions | 23 cm. |
| 336 ## - CONTENT TYPE | |
| Source | rdacontent |
| Content type term | text |
| 337 ## - MEDIA TYPE | |
| Source | rdamedia |
| Media type term | unmediated |
| 338 ## - CARRIER TYPE | |
| Source | rdacarrier |
| Carrier type term | volume |
| 500 ## - GENERAL NOTE | |
| General note | Includes index, |
| 504 ## - BIBLIOGRAPHY, ETC. NOTE | |
| Bibliography, etc. note | Includes bibliographical references. |
| 650 10 - SUBJECT ADDED ENTRY--TOPICAL TERM | |
| Topical term or geographic name entry element | Dystocia |
| General subdivision | prevention & control. |
| 650 10 - SUBJECT ADDED ENTRY--TOPICAL TERM | |
| Topical term or geographic name entry element | Birth injuries |
| General subdivision | prevention & control. |
| 650 10 - SUBJECT ADDED ENTRY--TOPICAL TERM | |
| Topical term or geographic name entry element | Labor, Obstetric. |
| 650 10 - SUBJECT ADDED ENTRY--TOPICAL TERM | |
| Topical term or geographic name entry element | Handbook. |
| 700 1# - ADDED ENTRY--PERSONAL NAME | |
| Personal name | Hanson, Lisa |
| Relator term | author. |
| 700 1# - ADDED ENTRY--PERSONAL NAME | |
| Personal name | Ancheta, Ruth |
| Relator term | author. |
| 700 1# - ADDED ENTRY--PERSONAL NAME | |
| Personal name | Wendy Gordon |
| Relator term | contributor |
| 700 1# - ADDED ENTRY--PERSONAL NAME | |
| Personal name | Suzy Myers |
| Relator term | contributor |
| 700 1# - ADDED ENTRY--PERSONAL NAME | |
| Personal name | Gail Tully |
| Relator term | contributor |
| 940 ## - EQUIVALENCE OR CROSS-REFERENCE--UNIFORM TITLE [OBSOLETE] [CAN/MARC only] | |
| Uniform title | <a href="Lenie ">Lenie </a> |
| 942 ## - ADDED ENTRY ELEMENTS (KOHA) | |
| Koha item type | |
| -- | NUR 618.5 Si457l 2017 |
| Withdrawn status | Lost status | Damaged status | Not for loan | Home library | Current library | Shelving location | Date acquired | Total Checkouts | Full call number | Barcode | Date last seen | Copy number | Price effective from | Koha item type |
|---|---|---|---|---|---|---|---|---|---|---|---|---|---|---|
| Main Library | Main Library | Undergraduate Thesis Section | 05/12/2023 | NUR 618.5 Si457l 2017 | 021855 | 05/12/2023 | 1-1 | 05/12/2023 | Books |